<?xml version="1.0" encoding="UTF-8"?>
<collection xmlns="http://www.loc.gov/MARC21/slim">
 <record>
  <leader>02484cam a2200493   4500</leader>
  <controlfield tag="001">1101193506</controlfield>
  <controlfield tag="003">DE-627</controlfield>
  <controlfield tag="005">20211220141547.0</controlfield>
  <controlfield tag="007">tu</controlfield>
  <controlfield tag="008">921218s1947    xx |||||      00| ||ger c</controlfield>
  <datafield tag="035" ind1=" " ind2=" ">
   <subfield code="a">(DE-627)1101193506</subfield>
  </datafield>
  <datafield tag="035" ind1=" " ind2=" ">
   <subfield code="a">(DE-576)031193501</subfield>
  </datafield>
  <datafield tag="035" ind1=" " ind2=" ">
   <subfield code="a">(DE-599)BSZ031193501</subfield>
  </datafield>
  <datafield tag="035" ind1=" " ind2=" ">
   <subfield code="a">(OCoLC)260097175</subfield>
  </datafield>
  <datafield tag="040" ind1=" " ind2=" ">
   <subfield code="a">DE-627</subfield>
   <subfield code="b">ger</subfield>
   <subfield code="c">DE-627</subfield>
   <subfield code="e">rakwb</subfield>
  </datafield>
  <datafield tag="041" ind1=" " ind2=" ">
   <subfield code="a">ger</subfield>
  </datafield>
  <datafield tag="084" ind1=" " ind2=" ">
   <subfield code="a">LI 21580</subfield>
   <subfield code="2">rvk</subfield>
   <subfield code="0">(DE-625)rvk/95742:</subfield>
  </datafield>
  <datafield tag="084" ind1=" " ind2=" ">
   <subfield code="a">CG 2224</subfield>
   <subfield code="2">rvk</subfield>
   <subfield code="0">(DE-625)rvk/18187:11603</subfield>
  </datafield>
  <datafield tag="100" ind1="1" ind2=" ">
   <subfield code="a">Carus, Carl Gustav</subfield>
   <subfield code="d">1789-1869</subfield>
   <subfield code="0">(DE-588)118519352</subfield>
   <subfield code="0">(DE-627)13430523X</subfield>
   <subfield code="0">(DE-576)160534569</subfield>
   <subfield code="4">aut</subfield>
  </datafield>
  <datafield tag="245" ind1="1" ind2="0">
   <subfield code="a">Neun Briefe über Landschaftsmalerei</subfield>
   <subfield code="b">geschrieben in den Jahren 1815 bis 1824</subfield>
   <subfield code="c">C. G. Carus</subfield>
  </datafield>
  <datafield tag="264" ind1=" " ind2="1">
   <subfield code="a">Villingen</subfield>
   <subfield code="b">Reichelt</subfield>
   <subfield code="c">[1947]</subfield>
  </datafield>
  <datafield tag="300" ind1=" " ind2=" ">
   <subfield code="a">88 S., 4 Bl.</subfield>
   <subfield code="b">Ill.</subfield>
  </datafield>
  <datafield tag="336" ind1=" " ind2=" ">
   <subfield code="a">Text</subfield>
   <subfield code="b">txt</subfield>
   <subfield code="2">rdacontent</subfield>
  </datafield>
  <datafield tag="337" ind1=" " ind2=" ">
   <subfield code="a">ohne Hilfsmittel zu benutzen</subfield>
   <subfield code="b">n</subfield>
   <subfield code="2">rdamedia</subfield>
  </datafield>
  <datafield tag="338" ind1=" " ind2=" ">
   <subfield code="a">Band</subfield>
   <subfield code="b">nc</subfield>
   <subfield code="2">rdacarrier</subfield>
  </datafield>
  <datafield tag="583" ind1="1" ind2=" ">
   <subfield code="a">Archivierung/Langzeitarchivierung gewährleistet</subfield>
   <subfield code="c">20211026</subfield>
   <subfield code="f">SLG</subfield>
   <subfield code="z">Buchnachlass</subfield>
   <subfield code="2">pdager</subfield>
   <subfield code="5">DE-25</subfield>
  </datafield>
  <datafield tag="583" ind1="1" ind2=" ">
   <subfield code="a">Archivierung/Langzeitarchivierung gewährleistet</subfield>
   <subfield code="c">20211220</subfield>
   <subfield code="f">SLG</subfield>
   <subfield code="z">Provenienz</subfield>
   <subfield code="2">pdager</subfield>
   <subfield code="5">DE-25</subfield>
  </datafield>
  <datafield tag="583" ind1="1" ind2=" ">
   <subfield code="a">Archivierung/Langzeitarchivierung gewährleistet</subfield>
   <subfield code="c">20211102</subfield>
   <subfield code="f">PEBW</subfield>
   <subfield code="2">pdager</subfield>
   <subfield code="5">DE-25</subfield>
  </datafield>
  <datafield tag="689" ind1="0" ind2="0">
   <subfield code="d">s</subfield>
   <subfield code="0">(DE-588)4000626-8</subfield>
   <subfield code="0">(DE-627)106400541</subfield>
   <subfield code="0">(DE-576)208838821</subfield>
   <subfield code="a">Ästhetik</subfield>
   <subfield code="2">gnd</subfield>
  </datafield>
  <datafield tag="689" ind1="0" ind2="1">
   <subfield code="d">s</subfield>
   <subfield code="0">(DE-588)4114355-3</subfield>
   <subfield code="0">(DE-627)105822795</subfield>
   <subfield code="0">(DE-576)20948392X</subfield>
   <subfield code="a">Landschaftsmalerei</subfield>
   <subfield code="2">gnd</subfield>
  </datafield>
  <datafield tag="689" ind1="0" ind2=" ">
   <subfield code="5">(DE-627)</subfield>
  </datafield>
  <datafield tag="700" ind1="1" ind2=" ">
   <subfield code="a">Kahns, Hans</subfield>
   <subfield code="e">Hrsg.</subfield>
   <subfield code="0">(DE-627)1250086418</subfield>
   <subfield code="0">(DE-576)180086413</subfield>
   <subfield code="4">edt</subfield>
  </datafield>
  <datafield tag="787" ind1="0" ind2="8">
   <subfield code="i">Rezensiert in</subfield>
   <subfield code="t">[Rezension von: C.G. Carus, Neun Briefe über Landschaftsmalerei. Neu herausgegeben von Hans Kahns]</subfield>
   <subfield code="d">1949</subfield>
   <subfield code="w">(DE-627)1672415209</subfield>
  </datafield>
  <datafield tag="850" ind1=" " ind2=" ">
   <subfield code="a">aa</subfield>
  </datafield>
  <datafield tag="850" ind1=" " ind2=" ">
   <subfield code="a">aa</subfield>
  </datafield>
  <datafield tag="850" ind1=" " ind2=" ">
   <subfield code="a">aa</subfield>
  </datafield>
  <datafield tag="889" ind1=" " ind2=" ">
   <subfield code="w">(DE-576)483920940</subfield>
  </datafield>
  <datafield tag="936" ind1="r" ind2="v">
   <subfield code="a">LI 21580</subfield>
   <subfield code="b">Carus, Carl Gustav</subfield>
   <subfield code="k">Kunstgeschichte</subfield>
   <subfield code="k">Künstler-Monografien</subfield>
   <subfield code="k">Alphabetische Künstlerliste</subfield>
   <subfield code="k">Künstler C</subfield>
   <subfield code="k">Carus, Carl Gustav</subfield>
   <subfield code="0">(DE-627)1271130211</subfield>
   <subfield code="0">(DE-625)rvk/95742:</subfield>
   <subfield code="0">(DE-576)201130211</subfield>
  </datafield>
  <datafield tag="936" ind1="r" ind2="v">
   <subfield code="a">CG 2224</subfield>
   <subfield code="b">Einzelschriften</subfield>
   <subfield code="k">Philosophie</subfield>
   <subfield code="k">Geschichte der Philosophie</subfield>
   <subfield code="k">Geschichte der Philosophie des Abendlandes von Antike bis 20. Jahrhundert</subfield>
   <subfield code="k">Philosophie des 19. Jahrhunderts</subfield>
   <subfield code="k">Deutschland und deutschsprachige Gebiete</subfield>
   <subfield code="k">Autoren</subfield>
   <subfield code="k">Autoren C</subfield>
   <subfield code="k">Carus, Carl Gustav</subfield>
   <subfield code="k">Einzelschriften</subfield>
   <subfield code="0">(DE-627)1271840758</subfield>
   <subfield code="0">(DE-625)rvk/18187:11603</subfield>
   <subfield code="0">(DE-576)201840758</subfield>
  </datafield>
  <datafield tag="951" ind1=" " ind2=" ">
   <subfield code="a">BO</subfield>
  </datafield>
  <datafield tag="990" ind1=" " ind2=" ">
   <subfield code="a">Ästhetik</subfield>
  </datafield>
  <datafield tag="990" ind1=" " ind2=" ">
   <subfield code="a">Landschaftsmalerei</subfield>
  </datafield>
  <datafield tag="991" ind1=" " ind2=" ">
   <subfield code="a">Rezensiertes Werk</subfield>
  </datafield>
  <datafield tag="999" ind1=" " ind2=" ">
   <subfield code="a">KXP-PPN1101193506</subfield>
   <subfield code="e">4039785789</subfield>
  </datafield>
 </record>
</collection>
